Opportunities and constraints of community language teaching
Αποθηκεύτηκε σε:
| Κύριος συγγραφέας: | |
|---|---|
| Μορφή: | Βιβλίο |
| Γλώσσα: | English |
| Δημοσίευση: |
Clevedon, Avon [England] ; Philadelphia :
Multilingual Matters,
1992
|
| Θέματα: | |
| Ετικέτες: |
Προσθήκη ετικέτας
Δεν υπάρχουν, Καταχωρήστε ετικέτα πρώτοι!
|
MARC
| LEADER | 00000nam a2200000 i 4500 | ||
|---|---|---|---|
| 001 | 1/89102 | ||
| 008 | 981118s1992 eng d | ||
| 020 | |a 1-85359-164-5 | ||
| 035 | |l 10035665 | ||
| 035 | |a 1993 |b 1 |c Σκούρτου | ||
| 040 | |a GR-MY-UA |b gre |e aacr | ||
| 041 | 0 | |a eng | |
| 082 | 0 | |a 371.97 |2 (20) | |
| 100 | 1 | |a Kroon, Sjaak. | |
| 245 | 1 | 0 | |a Opportunities and constraints of community language teaching / |c Sjaak Kroon |
| 260 | |a Clevedon, Avon [England] ; Philadelphia : |b Multilingual Matters, |c 1992 | ||
| 300 | |a 144 p.; |c 24 cm | ||
| 504 | |a Περιέχει βιβλιογραφικές παραπομπές: σ. 140-144 | ||
| 650 | 0 | 0 | |a Linguistic minorities |x Education |z Great Britain |x Case studies. |
| 650 | 0 | 0 | |a Language and languages |x Study and teaching |z Great Britain |x Case studies. |
| 650 | 0 | 0 | |a Curriculum planning |z Great Britain |x Case studies. |
| 852 | |a INST |b RHODES |e 19981118 |h 371.97 KRO |p 005400009922 |q 005400009922 |t BK |y 0 | ||
| 909 | |a Ρ |b 026455 |c 1993 | ||